འབྲུག་བརྒྱུད་འཛིན་གྱི་རྒྱལ་མཆོག་དང་པ་མི་དབང་ཨྱོན་དབང་ཕྱུག་གི་རྟོགས་བརྗོད་བཞུགས་སོ། (Record no. 2905)

MARC details
000 -LEADER
fixed length control field 00776nam a2200181 4500
001 - CONTROL NUMBER
control field 3568
005 - DATE AND TIME OF LATEST TRANSACTION
control field 20190920123926.0
008 - FIXED-LENGTH DATA ELEMENTS--GENERAL INFORMATION
fixed length control field 190920b ||||| |||| 00| 0 eng d
020 00 - INTERNATIONAL STANDARD BOOK NUMBER
International Standard Book Number 9789993614170
090 00 - LOCALLY ASSIGNED LC-TYPE CALL NUMBER (OCLC); LOCAL CALL NUMBER (RLIN)
Classification number (OCLC) (R) ; Classification number, CALL (RLIN) (NR) 945.98092 K521-1 2008
245 00 - TITLE STATEMENT
Title འབྲུག་བརྒྱུད་འཛིན་གྱི་རྒྱལ་མཆོག་དང་པ་མི་དབང་ཨྱོན་དབང་ཕྱུག་གི་རྟོགས་བརྗོད་བཞུགས་སོ།
246 ## - VARYING FORM OF TITLE
Title proper/short title [Biography of 1st King Ugyen Wangchuck].
260 00 - PUBLICATION, DISTRIBUTION, ETC.
Place of publication, distribution, etc. [Thimphu] :
Name of publisher, distributor, etc. Centre for Bhutan Studies,
Date of publication, distribution, etc. 2008.
300 00 - PHYSICAL DESCRIPTION
Extent 245 p. ; 25 cm.
600 ## - SUBJECT ADDED ENTRY--PERSONAL NAME
Personal name Ugyen Wangchuck,
Titles and other words associated with a name Ist King of Bhutan.
651 ## - SUBJECT ADDED ENTRY--GEOGRAPHIC NAME
Geographic name Bhutan --Kings and rulers --Biography.
942 ## - ADDED ENTRY ELEMENTS (KOHA)
Source of classification or shelving scheme Dewey Decimal Classification
Koha item type Dzongkha
Holdings
Withdrawn status Lost status Source of classification or shelving scheme Damaged status Not for loan Collection code Home library Current library Shelving location Serial Enumeration / chronology Inventory number Total Checkouts Full call number Barcode Date last seen Date last checked out Copy number Price effective from Koha item type Date acquired
    Dewey Decimal Classification     Dzongkha RTC Library RTC Library Dzongkha 6344 1 954.98 DRU 30002311 31/10/2019 22/10/2019 1 27/11/2018 Dzongkha  
    Dewey Decimal Classification     Dzongkha RTC Library RTC Library Dzongkha 6176 2 954.98 DRU 30005674 25/10/2019 22/10/2019 2 27/11/2018 Dzongkha  
    Dewey Decimal Classification     Reference RTC Library RTC Library Reference 6874   954.98 DRU 30006756 27/11/2018   3 27/11/2018 Reference  
    Dewey Decimal Classification     RCSC Books RTC Library RTC Library RCSC Books 14788     954.98 DRU 30014317 26/02/2021     26/02/2021 RCSC 26/02/2021
Royal Thimphu College || All Right Reserved